[Event "Hradec Kralove Region-chT 2223"]
[Site "Czech Republic"]
[Date "2023.03.19"]
[Round "10.6"]
[White "Prochazka, Jan"]
[Black "Pribyl, Michal"]
[Result "1/2-1/2"]
[WhiteElo "1812"]
[BlackElo "1719"]
[PlyCount "24"]
[EventDate "2022.10.09"]
[EventType "team-tourn"]
[EventRounds "11"]
[EventCountry "CZE"]
[SourceTitle "EXT 2024"]
[Source "ChessBase"]
[SourceDate "2023.10.10"]
[SourceVersion "1"]
[SourceVersionDate "2023.10.10"]
[SourceQuality "1"]

1. e4 e6 2. d4 d5 3. Nc3 dxe4 4. Nxe4 Nf6 5. Nxf6+ Qxf6 6. Nf3 h6 7. Bd3 Bd7 8. Qe2 Bc6 9. Bb5 a6 10. Bxc6+ Nxc6 11. c3 0-0-0 12. Be3 e5 1/2-1/2

[Event "Hradec Kralove Region-chT 2223"]
[Site "Czech Republic"]
[Date "2022.10.09"]
[Round "1.5"]
[White "Mojzis, Jan"]
[Black "Prochazka, Jan"]
[Result "1/2-1/2"]
[WhiteElo "2065"]
[BlackElo "1839"]
[PlyCount "64"]
[EventDate "2022.10.09"]
[EventType "team-tourn"]
[EventRounds "11"]
[EventCountry "CZE"]
[SourceTitle "EXT 2024"]
[Source "ChessBase"]
[SourceDate "2023.10.10"]
[SourceVersion "1"]
[SourceVersionDate "2023.10.10"]
[SourceQuality "1"]

1. c4 Nf6 2. Nc3 e5 3. e4 Bc5 4. Nf3 d6 5. Be2 Nc6 6. d3 h6 7. 0-0 Bd7 8. Be3 Nd4 9. Nd5 Nxe2+ 10. Qxe2 Bxe3 11. fxe3 Ng4 12. h3 c6 13. Nc3 Nf6 14. Nh4 Qe7 15. Nf5 Bxf5 16. Rxf5 0-0-0 17. Raf1 Rd7 18. Qf2 Re8 19. Qg3 Qf8 20. Kh1 Ree7 21. b4 Ne8 22. b5 Re6 23. d4 exd4 24. exd4 Rf6 25. bxc6 bxc6 26. d5 Rxf5 27. Rxf5 c5 28. Qg4 Qe7 29. Qd1 Rb7 30. Qa4 Nc7 31. Qc2 Rb4 32. Qd3 Rb2 1/2-1/2

[Event "Czechia district-ch"]
[Site "Czech Republic"]
[Date "2003.??.??"]
[Round "8"]
[White "Prochazka, Jan"]
[Black "Michel, Ladislav"]
[Result "1-0"]
[WhiteElo "2005"]
[BlackElo "1885"]
[PlyCount "63"]
[EventDate "2003.??.??"]
[EventType "tourn"]
[EventRounds "13"]
[EventCountry "CZE"]
[SourceTitle "EXT 2007"]
[Source "ChessBase"]
[SourceDate "2006.11.23"]
[SourceVersion "1"]
[SourceVersionDate "2006.11.23"]
[SourceQuality "1"]

1. e4 c5 2. Nf3 Nc6 3. d4 cxd4 4. Nxd4 e5 5. Nb5 d6 6. N1c3 a6 7. Na3 b5 8. Nd5 Nge7 9. c4 Nd4 10. cxb5 Nxd5 11. exd5 Be7 12. Bd3 0-0 13. 0-0 f5 14. Be3 Nxb5 15. Nxb5 axb5 16. f4 Bd7 17. fxe5 dxe5 18. d6 Bg5 19. Bxg5 Qxg5 20. Bxb5 Be6 21. Qe2 e4 22. Bc4 Bxc4 23. Qxc4+ Kh8 24. d7 Rad8 25. Qe6 Qg6 26. Qxg6 hxg6 27. Rfd1 Rf7 28. a4 Rfxd7 29. Rxd7 Rxd7 30. a5 e3 31. Kf1 f4 32. a6 1-0

[Event "Czechia district-ch"]
[Site "Czech Republic"]
[Date "2003.??.??"]
[Round "10"]
[White "Prochazka, Jan"]
[Black "Soukal, Jiri"]
[Result "1-0"]
[WhiteElo "2005"]
[BlackElo "1620"]
[PlyCount "107"]
[EventDate "2003.??.??"]
[EventType "tourn"]
[EventRounds "13"]
[EventCountry "CZE"]
[SourceTitle "EXT 2007"]
[Source "ChessBase"]
[SourceDate "2006.11.23"]
[SourceVersion "1"]
[SourceVersionDate "2006.11.23"]
[SourceQuality "1"]

1. e4 c5 2. Nf3 d6 3. d4 cxd4 4. Nxd4 Nf6 5. Nc3 a6 6. Be2 e6 7. Be3 Bd7 8. Qd2 Be7 9. f4 Qc7 10. 0-0 Nc6 11. Nxc6 Bxc6 12. Bf3 0-0 13. g4 b5 14. g5 Nd7 15. Ne2 Nc5 16. Ng3 Qb7 17. Qg2 Rac8 18. f5 exf5 19. exf5 Bxf3 20. Qxf3 Qxf3 21. Rxf3 Nd7 22. f6 gxf6 23. Nf5 Bd8 24. gxf6 Bxf6 25. Bh6 Ne5 26. Rg3+ Ng6 27. Bxf8 Kxf8 28. c3 Be5 29. Rh3 Kg8 30. Rd3 b4 31. Rad1 bxc3 32. bxc3 d5 33. Rxd5 Bxc3 34. Rd8+ Rxd8 35. Rxd8+ Nf8 36. Ra8 a5 37. Ne7+ Kg7 38. Nc6 Ne6 39. Kg2 Kg6 40. Nxa5 Nf4+ 41. Kh1 Nd3 42. Nc4 Nf2+ 43. Kg2 Ne4 44. a4 h5 45. a5 h4 46. a6 Bd4 47. Rd8 Bc5 48. Rc8 Bd4 49. Rc7 Ng5 50. a7 h3+ 51. Kg3 Bxa7 52. Rxa7 f6 53. Nd2 f5 54. Nf3 1-0

[Event "Czechia district-ch"]
[Site "Czech Republic"]
[Date "2003.??.??"]
[Round "7"]
[White "Schejbal, Josef"]
[Black "Prochazka, Jan"]
[Result "1-0"]
[WhiteElo "1965"]
[BlackElo "2005"]
[PlyCount "95"]
[EventDate "2003.??.??"]
[EventType "tourn"]
[EventRounds "13"]
[EventCountry "CZE"]
[SourceTitle "EXT 2007"]
[Source "ChessBase"]
[SourceDate "2006.11.23"]
[SourceVersion "1"]
[SourceVersionDate "2006.11.23"]
[SourceQuality "1"]

1. d4 Nf6 2. c4 e5 3. dxe5 Ng4 4. Bf4 g5 5. Bd2 Nxe5 6. Bc3 Bg7 7. Nf3 Nxf3+ 8. gxf3 Bxc3+ 9. Nxc3 Nc6 10. h4 d6 11. Qd2 gxh4 12. Qh6 Be6 13. Rxh4 Qe7 14. Nd5 Bxd5 15. cxd5 Ne5 16. Re4 f5 17. Re3 f4 18. Qxf4 0-0-0 19. Qf5+ Qd7 20. Qxd7+ Nxd7 21. Bh3 Kb8 22. Re7 Nc5 23. b4 Na6 24. a3 Rde8 25. Rxe8+ Rxe8 26. Kd2 c5 27. dxc6 bxc6 28. Bd7 Re7 29. Bxc6 Nc7 30. Rg1 Ne6 31. e3 Rg7 32. Rh1 Kc7 33. Bd5 Nf8 34. f4 Nd7 35. Rh6 Nb6 36. Be4 Nc4+ 37. Kd3 Nxa3 38. Rxh7 Rxh7 39. Bxh7 Nb5 40. Be4 Kd7 41. Bd5 Ke7 42. Bc4 Nc7 43. Kd4 Kf6 44. e4 Ke7 45. f5 Kf6 46. f4 Ke7 47. e5 Kd7 48. f6 1-0